| 000 | 00841cab a2200241 4500 | ||
|---|---|---|---|
| 001 | ABS50330 | ||
| 008 | 090401t1994 xxu||||| |||| 00| 0 eng d | ||
| 035 | _a(Sirsi) u75330 | ||
| 041 | _aeng | ||
| 100 | _aFordham, R. | ||
| 245 | _aCourts decide whether social housing policies are still legal | ||
| 260 | _c1994 | ||
| 350 | _a0 | ||
| 490 |
_aPlanning (for the Natural and Built Environment) _v(1057) 25 February 1994, 7(1) |
||
| 520 | _aDiscusses "Mitchell v SoS Environment and Royal Borough of Kensington and Chelsea" HC 1993 a test case on the interpretation of affordable housing policies in relation to PPG3. The DoE is to appeal. | ||
| 650 | _aPPG3 | ||
| 650 | _aSOCIAL HOUSING | ||
| 650 | _aUNITARY DEVELOPMENT PLANS | ||
| 690 | _aHOUSING | ||
| 690 | _aPLANNING LAW AND PRACTICE | ||
| 942 | _n0 | ||
| 948 | _c04/03/1997 | ||
| 999 |
_c47449 _d47449 |
||